000 01794nam a2200397 a 4500
003 CO-PeBPR
005 20260428105529.0
008 260415e2024 ck a|||| n||| 00| 0 spa c
020 _a9789588334349
040 0 _aCO-PeBPR
_bspa
_cCO-PeBPR
_erda
041 0 _hspa
082 0 4 _a630.208 F981ma
245 1 0 _aManual agricultura alternativa
_b: principios
_c/ Compilación e investigación Fundación Hogares Juveniles Campesinos ; ilustración Fabián Perdomo Delgado
250 _aEdición especial
264 1 _aBogotá, Colombia
_b: Fundación Hogares Juveniles
_c, 2024
300 _a96 páginas
_b: ilustraciones, fotografías a color
_c; 25 centímetros
336 _atexto
_btxt
_crdacontenido
337 _asin mediación
_bn
_2rdamedio
338 _avolumen
_bnc
_2rdasoporte
490 _aPlan Nacional de Lectura, Escritura y Oralidad / Ministerio de las Culturas, las Artes y los Saberes.
500 _aIncluye índice.
500 _aIncluye glosario.
504 _aIncluye bibliografía.
520 _aAl borde del descalabró ecológico, lo que parece un inminente desastre ambiental, el ser humano del Siglo XXI enfrenta, como única opción de supervivencia, utilizar todos los medios a su alcance para recuperar la Naturaleza, acogerse a sus principios o desaparecer como especie.
521 _aRecomendado para jóvenes y adultos.
650 1 4 _2LEMB
_aTecnología agrícola
650 1 4 _2LEMB
_aAbonos y fertilizantes
650 1 4 _2LEMB
_aFertilizantes orgánicos
650 1 4 _2LEMB
_aSuelos
650 1 4 _2LEMB
_aAgricultura alternativa
650 1 4 _2LEMB
_aPatología vegetal
650 1 4 _2LEMB
_aAlelopatía
700 1 _aPerdomo Delgado, Fabián
_eilustrador
710 _aFundación Hogares Juveniles Campesinos
_ecompilador
_einvestigador
942 _2ddc
_cBK
999 _c17801
_d17801